Influence of Retorting Conditions on the Pyrolysis of Yaojie Oil Shale

En esta investigacin̤ se someti ̤a pirl̤isis una muestra de esquisto bituminoso (oil shale) proveniente de la provincia china de Gansu en una retorta de aluminio e hierro para investigar factores influyentes: temperatura de pirl̤isis, velocidad de calentamiento, tiempo de residencia y tamaǫ de part...

Descripció completa

Guardat en:
Dades bibliogràfiques
Altres autors: Yue Changtao, Liu Yank, Ma Yue, Li Shuyuan, He Jilai, Qiu Dengke, Estonian Academy Publishers
Format: Llibre
Idioma:anglès
Matèries:
Accés en línia:Influence of Retorting Conditions on the Pyrolysis of Yaojie Oil Shale
Etiquetes: Afegir etiqueta
Sense etiquetes, Sigues el primer a etiquetar aquest registre!

MARC

LEADER 00000nam a22000004a 4500
001 vpro13864
005 20201223000000.0
008 180818s2018 ck # g## #001 0#eng#d
020 |a 0208-189X (versin̤ en papel); 1736-7492 (versin̤ electrn̤ica) 
022
040 |a CO-BoINGC 
041 0 |a eng 
245 1 0 |a Influence of Retorting Conditions on the Pyrolysis of Yaojie Oil Shale  
246 |a Influencia de las condiciones de destilacin̤ en retorta sobre la pirl̤isis de esquisto bituminoso Yaojie 
264 |a Bogot ̀(Colombia) :  |b Revista VirtualPRO,  |c 2018 
520 3 |a En esta investigacin̤ se someti ̤a pirl̤isis una muestra de esquisto bituminoso (oil shale) proveniente de la provincia china de Gansu en una retorta de aluminio e hierro para investigar factores influyentes: temperatura de pirl̤isis, velocidad de calentamiento, tiempo de residencia y tamaǫ de partc̕ula. Se analiz ̤la composicin̤ del gas de destilacin̤ en retorta con un cromatg̤rafo de gas Agilent-6890. 
650 \ \ |a Industria petroqum̕ica 
650 \ \ |a Petrochemical industry 
650 \ \ |a industria petroqum̕ica 
650 \ \ |a pirl̤isis 
650 \ \ |a esquisto bituminoso 
650 \ \ |a destilacin̤ en retorta 
650 \ \ |a temperatura de pirl̤isis 
650 \ \ |a tiempo de residencia 
650 \ \ |a velocidad de calentamiento 
650 \ \ |a tamaǫ de partc̕ula 
650 \ \ |a petrochemical industry 
650 \ \ |a pyrolysis 
650 \ \ |a oil shale 
650 \ \ |a retorting 
650 \ \ |a pyrolysis temperature 
650 \ \ |a residence time 
650 \ \ |a heating rate 
650 \ \ |a particle size  
700 \ \ |a Yue Changtao 
700 \ \ |a Liu Yank 
700 \ \ |a Ma Yue 
700 \ \ |a Li Shuyuan 
700 \ \ |a He Jilai 
700 \ \ |a Qiu Dengke  
700 \ \ |a Estonian Academy Publishers 
856 |z Influence of Retorting Conditions on the Pyrolysis of Yaojie Oil Shale   |u https://virtualpro.unach.elogim.com/biblioteca/influencia-de-las-condiciones-de-destilacion-en-retorta-sobre-la-pirolisis-de-esquisto-bituminoso-yaojie